000 00902nam a2200205 i 4500
001 26745
003 ES-MaACL
005 20230906153508.0
007 t|
008 030110m19721976sp ||||1| spa d
100 1 _aArredondo, F.
_923238
245 1 0 _aEstudio de materiales /
_cpor F. Arredondo y F. Soria.
250 _a[4ª ed.].
260 _aMadrid :
_bInstituto Eduardo Torroja de la Construcción y del Cemento,
_c1972-1976.
300 _a8 v. :
_bil. ;
_c23 cm.
505 8 _aContiene: V. I: Las rocas en la construcción. -- V. II: El yeso. -- V. III: Cales. -- V. IV: Conglomerantes Hidráulicos. -- V. V: Hormigones. -- V. VI: Cerámica y vidrio. -- V: VII: Agotado. -- V. VIII: Madera y corcho. -- V. IX: Materiales bituminosos.
700 1 _aSoria, F.
_9107350
710 2 _aInstituto Eduardo Torroja de la Construcción y del Cemento.
_95030
852 _aES-MaACL
_jA-6492-99
_bR.95256
999 _c26745
_d26745